Sports Quiz

Random Sports or Football Quiz
Score 0/19 Timer 06:00
0 Plays Today
Receptions Player % Correct
142Jerry Rice
85.9%
430Terrell Owens
82%
441Vernon Davis
68.4%
342Frank Gore
63.9%
216George Kittle
63.1%
347Michael Crabtree
58.2%
237Anquan Boldin
44.9%
192Eric Johnson
40.1%
114Garrison Hearst
32.3%
150J.J. Stokes
25.3%
Receptions Player % Correct
119Brandon Lloyd
20.4%
123Delanie Walker
17.6%
137Kevan Barlow
16.1%
124Charlie Garner
15.5%
109Carlos Hyde
15%
168Tai Streets
9.8%
178Arnaz Battle
8.3%
131Josh Morgan
5.7%
132Fred Beasley
4.3%
Remove Ads.
Support Sporcle.
Get the best of Sporcle when you Go Orange. This ad-free experience offers more features, more stats, and more fun while also helping to support Sporcle. Thank you for becoming a member.

You're not logged in!

Compare scores with friends on all Sporcle quizzes.
OR
Log In

Sporcle TV

Today on Sporcle TV


Watch our educational content, quiz creation guides, and fun videos on Sporcle TV.

Show Comments

Extras

Top Quizzes Today


Score Distribution

Paid Content

Your Account Isn't Verified!

In order to create a playlist on Sporcle, you need to verify the email address you used during registration. Go to your Sporcle Settings to finish the process.

Report this User

Report this user for behavior that violates our Community Guidelines.

Details: